Statistics for 3OH!3 Charting Songs (Billboard Hot 100)

Click here to take the quiz!

General Stats

  • This quiz has been taken 30 times
  • The average score is 5 of 12

Answer Stats

AlbumWeeks OnPeakArtist(s)Song% Correct
Streets of Gold18 Weeks#93OH!3 ft. KeshaMy First Kiss
95%
Want37 Weeks#73OH!3Don't Trust Me
82%
Animal20 Weeks#7Kesha ft. 3OH!3Blah Blah Blah
64%
Want12 Weeks#663OH!3 ft. Katy PerryStarstrukk
64%
Streets of Gold4 Weeks#873OH!3Double Vision
45%
Almost Alice2 Weeks#893OH!3 ft. Neon HitchFollow Me Down
32%
Streets of Gold2 Weeks#493OH!3Touchin' on My
32%
Streets of Gold1 Week#753OH!3Deja Vu
27%
Crunk Rock2 Weeks#62Lil Jon ft. 3OH!3Hey
23%
Streets of Gold1 Week#1003OH!3I Can Do Anything
14%
SHT: From The Vault1 Week#843OH!3Set You Free
9%
Non-Album Single1 Week#663OH!3Hit It Again
5%

Score Distribution

Percentile by Number Answered

Percent of People with Each Score

Your Score History

You have not taken this quiz